| 000 | 00000nam##2200000za#4500 |
| 001 | 9.559221 |
| 003 | CaOODSP |
| 005 | 20210624172754 |
| 007 | cr ||||||||||| |
| 008 | 150406|2004||||xxc|||||o f|0| 0 eng|d |
| 040 | |aCaOODSP|beng |
| 043 | |an-cn--- |
| 086 | 1 |aCC173-3/2-129-1E-IN |
| 110 | 2 |aCanadian Nuclear Safety Commission. |
| 245 | 10|aKeeping radiation exposures and doses "as low as reasonably achievable (ALARA)" |h[electronic resource] |
| 260 | |bCanadian Nuclear Safety Commission |c2004. |
| 300 | |a15p.|breferences |
| 490 | 1 |aRegulatory guide |vG-129, revision 1 |
| 500 | |aThe catalogue number (CC173-3/2-129-1E) and the ISBN (0-662-38407-5) for the print edition have been incorrectly copied in this PDF edition. |
| 520 | 3 |aThis regulatory guide is part of a series that provides guidance or describe characteristics or practices that the Canadian Nuclear Safety Commission recommends for meeting regulatory requirements or improving administrative effectiveness. These guides form the framework for the Commission’s regulatory activities, along with legally enforceable instruments such as acts, regulations, licences, and orders, as well as other regulatory documents such as policies, standards, notices, and procedures. |
| 590 | |a04-52|b2004-12-31 |
| 775 | 08|tMaintenir les expositions et les doses au « niveau le plus bas qu'il soit raisonnablement possible d'atteindre (ALARA) » |w(CaOODSP)9.592011 |
| 776 | 0#|tKeeping radiation exposures and doses "as low as reasonably achievable (ALARA)" |w(CaOODSP)9.617120 |
| 830 | #0|aRegulatory guide ;|vG-129, revision 1|w(CaOODSP)9.504702 |
| 856 | 40|ahttp://publications.gc.ca|qPDF|s153 KB|uhttps://publications.gc.ca/collections/Collection/CC173-3-2-129-1E.pdf|yG-129, revision 1 |